000 00392nam a2200157Ia 4500
008 230718s9999 xx 000 0 und d
041 _aeng
082 _a620.1
_bUNA
100 _aUnadkat S.
245 _aEngineering Mechanics
_b Statics & Daynamics.
260 _c2005
_bTech Max
300 _a941
365 _cRs.
_b535.00
700 _aUnadkat S.
906 _d015/5.4.06
_cMECH
_b80.25
999 _c313315
_d313315